Κατάλογος Βιβλιοθηκών Mediterranean College

Business Psychology and Organisational Behaviour / A Student's Handbook (Record no. 6199)

MARC details
000 -LEADER
fixed length control field 01301cam a22002054a 4500
005 - ΗΜΕΡΟΜΗΝΙΑ ΚΑΙ ΩΡΑ ΤΕΛΕΥΤΑΙΑΣ ΕΝΗΜΕΡΩΣΗΣ
Πεδίο ελέγχου 20250605164235.0
008 - FIXED-LENGTH DATA ELEMENTS--GENERAL INFORMATION
Πεδίο ελέγχου σταθερού μήκους 250528s ||||||||||||||||||||||||d
035 ## - SYSTEM CONTROL NUMBER
System control number 21131
020 ## - ISBN
ISBN 9781841693910
040 ## - ΠΗΓΗ ΚΑΤΑΛΟΓΟΓΡΑΦΗΣΗΣ
Φορέας πρωτότυπης καταλογογράφησης MC Athens Campus Library
Γλώσσα καταλογογράφησης Ελληνικά, Μοντέρνα (1453-)
Modifying agency MC Athens Campus Library
Κανόνες περιγραφικής καταλογογράφησης AACR2
245 1# - ΤΙΤΛΟΣ ΚΑΙ ΔΗΛΩΣΗ ΥΠΕΥΘΥΝΟΤΗΤΑΣ
Τίτλος Business Psychology and Organisational Behaviour / A Student's Handbook
250 ## - EDITION STATEMENT
Edition statement 4th
260 ## - PUBLICATION, DISTRIBUTION, ETC.
Name of publisher, distributor, etc. Psychology Press, Ltd,
Date of publication, distribution, etc. 2006
300 ## - PHYSICAL DESCRIPTION
Extent 800
520 ## - SUMMARY, ETC.
Summary, etc. Perspectives and Enquiry, Historical Influences and Research Methodology, The Individual, Personality, Intelligence and Psychological Testing, Motivation and Job Design, Perception, Communication, Learning and Memory, Information-Processing and Individual Decision Making, Attitudes and Values and Job Satisfaction and Commitment, The Group, Groups, Teambuilding, Leadership and Management Style, Power and Politics and Conflict, The Organisation, Organisational Structure and Design, Organisational Structure, Organisational Change and Development, Management and Organisational Issues, Human Resource Practices: Selection and Appraisal, Human Resource Practices: Rewards and Training and Development, Health and Work: Stress, Glossary, References, Author and Subject Index.
700 1# - ΠΡΟΣΘΕΤΗ ΑΝΑΓΡΑΦΗ--ΦΥΣΙΚΟ ΠΡΟΣΩΠΟ
Personal name Mckenna Eugene
9 (RLIN) 3756
942 ## - ADDED ENTRY ELEMENTS (KOHA)
Koha item type Books
Holdings
Τύπος τεκμηρίου Βιβλιοθήκη Τρέχουσα τοποθεσία Barcode Αριθμός εισαγωγής Ημερομηνία απόκτησης Ταξιθετικό σύμβολο Αριθμός αντιτύπου Κατάσταση απόσυρσης Κατάσταση χαμένου Κατάσταση κατεστραμμένου Μη δανεισμός Σύνολο δανεισμών Ημερομηνία τελευταίας εμφάνισης Η τιμή ισχύει από
Books MC Athens Campus Library MC Athens Campus Library 9780000061980 2895 05/06/2025 158.7 MCK 1           05/06/2025 05/06/2025

MC Athens Campus Library
Πατησίων 94 & Κοδριγκτώνος 13, 104 34
Πελλήνης 8 & Πατησίων 107, 112 51
Τ: +30 210 8899600

MC Thessaloniki Campus Library
Ίωνος Δραγούμη 21, 54625 | Ίωνος Δραγούμη 15, 54625
Τ: +30 2310 287779 – Τ: +30 2314 440300